Normal view MARC view
  • Nursing Foundation

Entry Geographic Name

Number of records used in: 3

001 - CONTROL NUMBER

  • control field: 211814

003 - CONTROL NUMBER IDENTIFIER

  • control field: OSt

005 - DATE AND TIME OF LATEST TRANSACTION

  • control field: 20250331155254.0

008 - FIXED-LENGTH DATA ELEMENTS

  • fixed length control field: 250331|| aca||aabn | a|a d

040 ## - CATALOGING SOURCE

  • Original cataloging agency: OSt
  • Transcribing agency: OSt

151 ## - HEADING--GEOGRAPHIC NAME

  • Geographic name: Nursing Foundation

670 ## - SOURCE DATA FOUND

  • Source citation: Work cat.: (OSt)357405: पेठे, तारा, मूलभूत परिचर्या , 2002